000 00946nac a22002537a 4500
001 BR7312185
003 BR-BrBNA
005 20240105113638.0
008 230509b bl.|||m| |||| 00| 0 por d
040 _aBR-BrBNA
_bpor
_cBiblioteca Nacional de Agricultura
072 _aL60
090 _a8150 BR7312185
100 1 _aD'Incao, F.
110 1 _aPontificia Universidade Catolica do Rio Grande do Sul, Porto Alegre (Brasil). Museu de Ciencias
_97841
245 1 _aSobre a ocorrencia de Gobionellus Oceanicus (Pallas, 1770)no sul do Brasil. (Pisces, Gobiidae)[taxonomia animal, peixe marinho]
260 3 _aPorto Alegre, RS (Brasil):
_c1973.
300 _a20 p.
490 _aComunicacoes do Museu de Ciencias da PUCRGS (Brazil)
_vno. 2
_x
500 _a3 illus.; 3 tables; 6 ref.; Summaries (En, Pt)
650 _aTAXONOMIA ANIMAL
650 _aPEIXE MARINHO
909 _a202312
_bLúcia Elande
_c55
_dLúcia Elande
942 _2AGRIS
_n0
_cMS
999 _c264794
_d264794